Meiji Taishō bungaku zenshū. Dai 5-shū /
Disimpan dalam:
| Pengarang Utama: | |
|---|---|
| Format: | Buku |
| Bahasa: | Japanese |
| Diterbitkan: |
Tōkyō :
Shunʾyōdō,
Shōwa 2 [1927]
|
| Subjek-subjek: | |
| Penanda-penanda: |
Tambah Penanda
Tiada Penanda, Jadilah orang pertama menanda rekod ini!
|
| LEADER | 01334nam a2200301ui 4500 | ||
|---|---|---|---|
| 001 | 007787532-X | ||
| 005 | 20024617121422.0 | ||
| 008 | 920416s1927 ja c 000 0 jpn d | ||
| 035 | 0 | |a ocm33738098 | |
| 040 | |a *LWU* |b jpn |c *LWU* |d OCoLC |d *YNH* |d CStRLIN | ||
| 100 | 1 | |6 880-01 |a Ozaki, Kōyō, |d 1867-1903. | |
| 245 | 1 | 0 | |6 880-02 |a Meiji Taishō bungaku zenshū. |n Dai 5-shū / |c Ozaki Kōyō cho. |
| 260 | |6 880-03 |a Tōkyō : |b Shunʾyōdō, |c Shōwa 2 [1927] | ||
| 300 | |a 626, 2, 6 p. : |b ports. ; |c 20 cm. | ||
| 500 | |6 880-04 |a Hibaihin. | ||
| 500 | |6 880-05 |a Ozaki Kōyō hoka no shōzō ari. | ||
| 505 | 0 | |6 880-06 |a Konjiki yasha -- Kyaramakura -- Shichijūnimon inochi no yasuuri -- Kokoro no yami -- Tajō takon -- Shōkai / Izumi Kyōka. | |
| 650 | 0 | |a Japanese literature |y Shōwa period, 1926-1989. | |
| 650 | 0 | |a Japanese literature |y Taishō period, 1912-1926. | |
| 880 | 1 | |6 100-01 |a 尾崎紅葉, |d 1867-1903. | |
| 880 | 1 | 0 | |6 245-02 |a 明治大正文學全集. |n 第5卷 / |c 尾崎紅葉著. |
| 880 | |6 260-03 |a 東京 : |b 春陽堂, |c 昭和2 [1927] | ||
| 880 | |6 500-04 |a 非賣品. | ||
| 880 | |6 500-05 |a 尾崎紅葉ほかの肖像あり. | ||
| 880 | 0 | |6 505-06 |a 金色夜叉 -- 伽羅枕 -- 七十二文命の安賣 -- 心の闇 -- 多情多恨 -- 小解/ 泉鏡花. | |
| 886 | 2 | |2 jpnmarc |a 677 |b 918.6 | |
| 988 | |a 20021220 | ||
| 906 | |0 OCLC | ||


